[Event "Vienna op 14th"]
[Site "Vienna"]
[Date "2003.08.23"]
[Round "8"]
[White "Meier, Michael"]
[Black "Hardt, Christian"]
[Result "1-0"]
[WhiteElo "2064"]
[BlackElo "2153"]
[PlyCount "81"]
[EventDate "2003.08.16"]
[EventType "swiss"]
[EventRounds "9"]
[EventCountry "AUT"]
[SourceTitle "CBM 095 Extra"]
[Source "ChessBase"]
[SourceDate "2003.09.04"]
[SourceVersion "1"]
[SourceVersionDate "2003.09.04"]
[SourceQuality "1"]

1. d4 Nf6 2. c4 d6 3. Nc3 g6 4. e4 Bg7 5. f3 0-0 6. Be3 e5 7. Nge2 c6 8. d5 cxd5 9. cxd5 a6 10. Nc1 Nh5 11. Nd3 f5 12. Be2 f4 13. Bf2 Qg5 14. Bf1 Qd8 15. Be2 Nd7 16. a4 g5 17. b4 Qf6 18. Nb2 Qh6 19. 0-0 Rf7 20. Nc4 Bf8 21. a5 Rg7 22. b5 Nhf6 23. Rc1 Qg6 24. bxa6 bxa6 25. Na4 Rb8 26. Ba7 Ra8 27. Nab6 Nxb6 28. Nxb6 Raxa7 29. Rxc8 g4 30. Qc2 gxf3 31. Bxf3 Ng4 32. Nc4 Qh6 33. Bxg4 Rxg4 34. Nd2 Rag7 35. Rf2 Qg6 36. Nf3 h5 37. h3 Rg3 38. Nh4 Qg5 39. Nf5 Rxh3 40. Nxg7 Qxg7 41. Rxf8+ 1-0

[Event "AUT-ch"]
[Site "Oberpullendorf"]
[Date "2002.08.16"]
[Round "7"]
[White "Hardt, Christian"]
[Black "Schwaninger, Wolfgang"]
[Result "1-0"]
[WhiteElo "2170"]
[BlackElo "2252"]
[PlyCount "77"]
[EventDate "2002.08.10"]
[EventType "swiss"]
[EventRounds "9"]
[EventCountry "AUT"]
[SourceTitle "CBM 089 Extra"]
[Source "ChessBase"]
[SourceDate "2002.09.10"]
[SourceVersion "2"]
[SourceVersionDate "2002.09.10"]
[SourceQuality "1"]

1. e4 d6 2. d4 Nf6 3. Nc3 g6 4. Nf3 c6 5. Bf4 Bg4 6. h3 Bxf3 7. Qxf3 Qb6 8. 0-0-0 Bg7 9. e5 dxe5 10. dxe5 Nfd7 11. Bc4 e6 12. Ne4 0-0 13. Rhe1 Nxe5 14. Bxe5 Bxe5 15. Nf6+ Bxf6 16. Qxf6 Qc5 17. Rd4 Nd7 18. Rxd7 Qxc4 19. b3 Qb4 20. Rxe6 Qa3+ 21. Kb1 Rad8 22. Rxd8 fxe6 23. Qxe6+ Kh8 24. Qf6+ Kg8 25. Rxf8+ Qxf8 26. Qxf8+ Kxf8 27. Kb2 Ke7 28. Kc3 Ke6 29. Kd4 Kf5 30. a4 b6 31. b4 Ke6 32. c4 Kd6 33. c5+ bxc5+ 34. bxc5+ Ke6 35. Ke4 a5 36. h4 h6 37. g4 Kf6 38. f4 h5 39. gxh5 1-0

[Event "AUT-ch"]
[Site "Oberpullendorf"]
[Date "2002.08.12"]
[Round "3"]
[White "Diermair, Andreas"]
[Black "Hardt, Christian"]
[Result "1-0"]
[WhiteElo "2247"]
[BlackElo "2170"]
[PlyCount "45"]
[EventDate "2002.08.10"]
[EventType "swiss"]
[EventRounds "9"]
[EventCountry "AUT"]
[SourceTitle "CBM 089 Extra"]
[Source "ChessBase"]
[SourceDate "2002.09.10"]
[SourceVersion "2"]
[SourceVersionDate "2002.09.10"]
[SourceQuality "1"]

1. d4 Nf6 2. Nc3 d5 3. Bg5 Bf5 4. Bxf6 exf6 5. e3 Bd6 6. Bd3 Bxd3 7. Qxd3 c6 8. e4 0-0 9. exd5 cxd5 10. Nxd5 Qa5+ 11. Nc3 Nc6 12. Nge2 Nb4 13. Qd2 Rac8 14. 0-0 Nd5 15. a3 Nb6 16. Qd3 Nc4 17. b3 Qh5 18. h3 Nxa3 19. Ne4 Be7 20. c4 b5 21. Nf4 Qf5 22. Nd5 Rfe8 23. Nexf6+ 1-0

[Event "AUT-chT2O 0001"]
[Site "Austria"]
[Date "2001.??.??"]
[Round "7"]
[White "Hardt, Christian"]
[Black "Wais, Michael"]
[Result "1-0"]
[WhiteElo "2205"]
[BlackElo "2040"]
[PlyCount "81"]
[EventDate "2000.??.??"]
[EventType "team"]
[EventRounds "11"]
[EventCountry "AUT"]
[SourceTitle "EXT 2003"]
[Source "ChessBase"]
[SourceDate "2002.11.25"]
[SourceVersion "1"]
[SourceVersionDate "2002.11.25"]
[SourceQuality "1"]

1. d3 d5 2. g3 c6 3. Bg2 Nf6 4. f4 Qb6 5. Nf3 Ng4 6. d4 Bf5 7. Nc3 e6 8. 0-0 Bb4 9. Na4 Qd8 10. c3 Be7 11. b4 Nd7 12. h3 Ngf6 13. g4 Bg6 14. Nc5 b5 15. Ne5 Bxc5 16. Nxg6 Bxd4+ 17. Qxd4 hxg6 18. e4 Qb6 19. e5 Ne4 20. Be3 Qxd4 21. Bxd4 Nd2 22. Rf2 Nc4 23. a4 Ndb6 24. axb5 cxb5 25. Ra6 0-0 26. f5 gxf5 27. gxf5 Rfe8 28. fxe6 fxe6 29. Bf1 Re7 30. Bd3 Na4 31. Kg2 Rc8 32. Bxa7 Ra8 33. Bc5 Rxa6 34. Bxe7 Ne3+ 35. Kh2 Ra8 36. Bxb5 Nxc3 37. Bd7 Ra2 38. Bxe6+ Kh8 39. Rxa2 Nxa2 40. b5 Nc3 41. b6 1-0

[Event "AUT-chT2O 0001"]
[Site "Austria"]
[Date "2000.??.??"]
[Round "3"]
[White "Bachofner, Andreas"]
[Black "Hardt, Christian"]
[Result "1-0"]
[WhiteElo "2175"]
[BlackElo "2205"]
[PlyCount "53"]
[EventDate "2000.??.??"]
[EventType "team"]
[EventRounds "11"]
[EventCountry "AUT"]
[SourceTitle "EXT 2003"]
[Source "ChessBase"]
[SourceDate "2002.11.25"]
[SourceVersion "1"]
[SourceVersionDate "2002.11.25"]
[SourceQuality "1"]

1. Nf3 Nf6 2. b3 g6 3. Bb2 Bg7 4. c4 0-0 5. e3 d6 6. Be2 e5 7. d3 c6 8. 0-0 Na6 9. Nc3 Nh5 10. Nd2 Qh4 11. Nde4 Rd8 12. g3 Qe7 13. Bxh5 d5 14. cxd5 cxd5 15. Nxd5 Rxd5 16. Bf3 Qd8 17. Qe2 Rxd3 18. Rfd1 Rxd1+ 19. Rxd1 Qa5 20. Nd6 Nc5 21. Rd5 e4 22. Nxe4 Bxb2 23. Qxb2 Qe1+ 24. Kg2 Ne6 25. Nf6+ Kg7 26. Ng4+ Kf8 27. Qh8+ 1-0

[Event "AUT-ch"]
[Site "Frohnleiten"]
[Date "2000.??.??"]
[Round "7.31"]
[White "Hardt, Christian"]
[Black "Kleiser, Gregor"]
[Result "1/2-1/2"]
[WhiteElo "2205"]
[BlackElo "2170"]
[PlyCount "56"]
[EventDate "2000.08.05"]
[EventType "swiss"]
[EventRounds "9"]
[EventCountry "AUT"]
[SourceTitle "CBM 077 Extra"]
[Source "ChessBase"]
[SourceDate "2000.09.14"]
[SourceVersion "1"]
[SourceVersionDate "2000.09.14"]
[SourceQuality "1"]

1. e4 c5 2. Nc3 Nc6 3. d3 d6 4. g3 g6 5. Bg2 Bg7 6. Be3 Nf6 7. h3 0-0 8. Qd2 Rb8 9. Bh6 Bxh6 10. Qxh6 Kh8 11. Nf3 Ng8 12. Qd2 b5 13. d4 cxd4 14. Nxd4 Nxd4 15. Qxd4+ f6 16. Qxa7 Be6 17. Nd5 Qc8 18. c3 Bxd5 19. exd5 b4 20. 0-0 bxc3 21. bxc3 Qxc3 22. a4 Ra8 23. Qd7 Rfd8 24. Qe6 Rdc8 25. h4 Rc7 26. h5 Kg7 27. hxg6 hxg6 28. Qe1 Rc5 1/2-1/2

[Event "AUT-ch"]
[Site "Frohnleiten"]
[Date "2000.??.??"]
[Round "6.32"]
[White "Herbst, Daniel"]
[Black "Hardt, Christian"]
[Result "1/2-1/2"]
[WhiteElo "2090"]
[BlackElo "2205"]
[PlyCount "30"]
[EventDate "2000.08.05"]
[EventType "swiss"]
[EventRounds "9"]
[EventCountry "AUT"]
[SourceTitle "CBM 077 Extra"]
[Source "ChessBase"]
[SourceDate "2000.09.14"]
[SourceVersion "1"]
[SourceVersionDate "2000.09.14"]
[SourceQuality "1"]

1. g3 g6 2. Bg2 Bg7 3. e4 d6 4. d4 Nd7 5. Ne2 Ngf6 6. h3 0-0 7. Nbc3 e5 8. 0-0 c6 9. Be3 Nb6 10. b3 d5 11. dxe5 Nxe4 12. Nxe4 dxe4 13. Qxd8 Rxd8 14. Rad1 Re8 15. Nc3 Bxe5 1/2-1/2

[Event "AUT-ch"]
[Site "Frohnleiten"]
[Date "2000.??.??"]
[Round "1.17"]
[White "Lendwai, Reinhard"]
[Black "Hardt, Christian"]
[Result "1-0"]
[WhiteElo "2361"]
[BlackElo "2205"]
[PlyCount "55"]
[EventDate "2000.08.05"]
[EventType "swiss"]
[EventRounds "9"]
[EventCountry "AUT"]
[SourceTitle "CBM 077 Extra"]
[Source "ChessBase"]
[SourceDate "2000.09.14"]
[SourceVersion "1"]
[SourceVersionDate "2000.09.14"]
[SourceQuality "1"]

1. e4 d6 2. d4 Nf6 3. Nc3 e5 4. Nf3 Bg4 5. dxe5 Bxf3 6. Qxf3 dxe5 7. Bg5 Be7 8. Rd1 Nbd7 9. Bc4 c6 10. 0-0 Qc7 11. Ne2 Nc5 12. Ng3 b5 13. Nf5 0-0 14. Bb3 Nxb3 15. axb3 Rfd8 16. h4 Kf8 17. h5 Ng8 18. Be3 g6 19. Nxe7 Qxe7 20. Rxd8+ Rxd8 21. Ra1 Rd7 22. Ra6 Qd8 23. Rxc6 Rd1+ 24. Kh2 Qh4+ 25. Qh3 Qxe4 26. Rc8+ Kg7 27. h6+ Kh8 28. Rxg8+ 1-0

[Event "AUT-ch"]
[Site "Frohnleiten"]
[Date "2000.??.??"]
[Round "3.35"]
[White "Senoner, Erich2222"]
[Black "Hardt, Christian"]
[Result "1/2-1/2"]
[WhiteElo "2153"]
[BlackElo "2205"]
[PlyCount "143"]
[EventDate "2000.08.05"]
[EventType "swiss"]
[EventRounds "9"]
[EventCountry "AUT"]
[SourceTitle "CBM 077 Extra"]
[Source "ChessBase"]
[SourceDate "2000.09.14"]
[SourceVersion "1"]
[SourceVersionDate "2000.09.14"]
[SourceQuality "1"]

1. d4 d6 2. e4 g6 3. Nc3 Bg7 4. Nf3 Nd7 5. Be2 c6 6. 0-0 Qc7 7. a4 Ngf6 8. h3 0-0 9. Be3 b6 10. Qd2 Bb7 11. Bh6 a6 12. Rfe1 Rfd8 13. Bxg7 Kxg7 14. Rad1 b5 15. Bd3 e5 16. axb5 axb5 17. b4 Nb6 18. dxe5 dxe5 19. Qg5 Re8 20. Nh4 Ng8 21. Ne2 h6 22. Qg3 Kh7 23. f4 Qe7 24. Rf1 Nd7 25. f5 g5 26. f6 Ndxf6 27. Nf5 Qf8 28. Qe3 Bc8 29. h4 Bxf5 30. Rxf5 gxh4 31. Qf2 Re6 32. Qxh4 Qxb4 33. Rdf1 Qd6 34. g4 Ra7 35. Kh1 Kg7 36. Ng3 Kf8 37. g5 hxg5 38. Rxg5 Ke8 39. Nf5 Qf8 40. Ng7+ Kd8 41. Nxe6+ fxe6 42. Rh5 Kc8 43. Rh8 Rf7 44. Qg3 Kb7 45. Qxe5 Ng4 46. Rxf7+ Qxf7 47. Qg3 Qg7 48. Rh4 N8h6 49. Be2 Qa1+ 50. Kg2 Qc1 51. Bxg4 Qxc2+ 52. Qf2 Qxe4+ 53. Bf3 Qg6+ 54. Kh2 Qg5 55. Qd4 Ka6 56. Qf4 Qxf4+ 57. Rxf4 Kb6 58. Rf6 Nf5 59. Rxe6 Nd4 60. Rf6 b4 61. Kg2 b3 62. Kf2 Kb5 63. Ke3 Nxf3 64. Rxf3 b2 65. Rf1 Kc4 66. Kd2 Kb3 67. Rf3+ Ka2 68. Rf1 Kb3 69. Rf3+ Ka2 70. Rf1 b1Q 71. Rxb1 Kxb1 72. Kc3 1/2-1/2

[Event "AUT-chT2O 9900"]
[Site "Austria"]
[Date "1999.11.14"]
[Round "4.3"]
[White "Hardt, Christian"]
[Black "Sandhu, Mario"]
[Result "1-0"]
[WhiteElo "2164"]
[BlackElo "2248"]
[PlyCount "135"]
[EventDate "1999.??.??"]
[EventType "team"]
[EventRounds "11"]
[EventCountry "AUT"]
[SourceTitle "EXT 2001"]
[Source "ChessBase"]
[SourceDate "2000.11.22"]
[SourceVersion "1"]
[SourceVersionDate "2000.11.22"]
[SourceQuality "1"]

1. e4 c6 2. d4 d5 3. e5 c5 4. dxc5 Nc6 5. Nf3 Bg4 6. Bb5 e6 7. Bxc6+ bxc6 8. c3 Qc7 9. Be3 Bxf3 10. Qxf3 Qxe5 11. 0-0 Nf6 12. Bd4 Qe4 13. Qg3 Rc8 14. Nd2 Qg6 15. Qe3 Be7 16. Qe2 0-0 17. f4 Rfe8 18. b4 Qc2 19. Rfe1 a5 20. Nb3 Qxe2 21. Rxe2 a4 22. Nd2 Bd8 23. Rae1 Bc7 24. g3 Nd7 25. c4 Red8 26. cxd5 exd5 27. a3 Nf8 28. f5 Nd7 29. Nf3 Kf8 30. Kg2 f6 31. Re6 Bb8 32. Kf2 Re8 33. R1e2 Kf7 34. Bb2 Nf8 35. Rxe8 Rxe8 36. Nd4 Rc8 37. Ne6 Nd7 38. Nxg7 Be5 39. Ne6 Bxb2 40. Rxb2 Ne5 41. Rd2 Nc4 42. Rd3 Ne5 43. Rc3 Ng4+ 44. Kg2 h5 45. Nd4 Re8 46. Nxc6 Re2+ 47. Kg1 Re1+ 48. Kg2 Re2+ 49. Kf1 Rd2 50. Ke1 Rxh2 51. Nd4 Rh1+ 52. Kd2 Rh2+ 53. Kc1 Rh1+ 54. Kc2 Rh2+ 55. Kb1 Rh1+ 56. Rc1 Rxc1+ 57. Kxc1 Ke7 58. Kd2 Nf2 59. Ne2 d4 60. Nxd4 Ne4+ 61. Ke3 Nxg3 62. Kf3 Nf1 63. Kf2 Nd2 64. Kg3 Kd7 65. Kh4 Nb1 66. Nc2 Kc6 67. Kxh5 Nc3 68. Kg6 1-0

[Event "AUT-chT2O 9900"]
[Site "Austria"]
[Date "1999.10.24"]
[Round "2.1"]
[White "Hardt, Christian"]
[Black "Hangweyrer, Manfred"]
[Result "1/2-1/2"]
[WhiteElo "2164"]
[BlackElo "2367"]
[PlyCount "37"]
[EventDate "1999.??.??"]
[EventType "team"]
[EventRounds "11"]
[EventCountry "AUT"]
[SourceTitle "EXT 2001"]
[Source "ChessBase"]
[SourceDate "2000.11.22"]
[SourceVersion "1"]
[SourceVersionDate "2000.11.22"]
[SourceQuality "1"]

1. e4 c5 2. Nc3 Nc6 3. f4 d6 4. g3 g6 5. Bg2 Bg7 6. Nd5 e6 7. Ne3 Nge7 8. Nf3 e5 9. 0-0 0-0 10. d3 exf4 11. gxf4 d5 12. Kh1 d4 13. Nc4 Bg4 14. a4 Qd7 15. Qe1 f6 16. Qg3 Rad8 17. Bd2 Be6 18. b3 Qc7 19. Qh4 1/2-1/2

[Event "AUT-chT2O 9899"]
[Site "Austria"]
[Date "1999.??.??"]
[Round "5"]
[White "Hangweyrer, Manfred"]
[Black "Hardt, Christian"]
[Result "1-0"]
[WhiteElo "2385"]
[BlackElo "2165"]
[PlyCount "61"]
[EventDate "1998.10.??"]
[EventType "team"]
[EventRounds "11"]
[EventCountry "AUT"]
[SourceTitle "EXT 2002"]
[Source "ChessBase"]
[SourceDate "2001.11.25"]
[SourceVersion "1"]
[SourceVersionDate "2001.11.25"]
[SourceQuality "1"]

1. c4 Nf6 2. Nc3 g6 3. g3 Bg7 4. Bg2 0-0 5. Nf3 d6 6. 0-0 Nbd7 7. Rb1 a5 8. a3 Nb6 9. d3 a4 10. Be3 Nfd7 11. Qd2 Nc5 12. Bh6 Nb3 13. Qe3 e5 14. Bxg7 Kxg7 15. Nd2 Nd4 16. f4 Nd7 17. Nf3 Nxf3+ 18. Qxf3 Nc5 19. Rf2 c6 20. Rbf1 Nb3 21. e3 Bf5 22. Rd1 h5 23. h3 Qd7 24. Kh2 Rh8 25. fxe5 dxe5 26. d4 exd4 27. exd4 Nxd4 28. Qf4 c5 29. Qe5+ Kh7 30. Qxc5 Ne6 31. Qxf5 1-0

[Event "AUT-chT2O 9899"]
[Site "Austria"]
[Date "1999.??.??"]
[Round "6"]
[White "Hardt, Christian"]
[Black "Sommerbauer, Norbert"]
[Result "0-1"]
[WhiteElo "2135"]
[BlackElo "2400"]
[PlyCount "110"]
[EventDate "1998.10.??"]
[EventType "team"]
[EventRounds "11"]
[EventCountry "AUT"]
[SourceTitle "EXT 2000"]
[Source "ChessBase"]
[SourceDate "1999.11.16"]
[SourceVersion "1"]
[SourceVersionDate "1999.11.16"]
[SourceQuality "1"]

1. e4 Nc6 2. Nc3 d6 3. f4 Nf6 4. Nf3 Bg4 5. Be2 e6 6. d4 d5 7. e5 Ne4 8. 0-0 Be7 9. Be3 Qd7 10. Nxe4 dxe4 11. Ng5 Bxe2 12. Qxe2 Nxd4 13. Qc4 Nf5 14. Qxe4 h6 15. Nf3 Nxe3 16. Qxe3 Qb5 17. Kh1 Qc5 18. Qe4 0-0-0 19. Rae1 Qd5 20. b3 Qxe4 21. Rxe4 Rd5 22. Rd4 Rxd4 23. Nxd4 Rd8 24. Nf3 b5 25. a4 bxa4 26. bxa4 Rd5 27. Ra1 Rc5 28. Ra2 Rc3 29. Nd2 g5 30. g3 gxf4 31. gxf4 Re3 32. Nc4 Re4 33. Na5 Rxf4 34. Nc6 Bc5 35. a5 Kb7 36. Nd8+ Ka6 37. Nc6 Kb5 38. Nd8 Bd4 39. c4+ Kxc4 40. Nc6 Kd5 41. Rc2 Bxe5 42. Nxe5 Kxe5 43. Rxc7 f5 44. Rxa7 Ra4 45. a6 Kf4 46. Kg2 Ra2+ 47. Kh3 e5 48. Ra8 e4 49. a7 e3 50. Rh8 Rxa7 51. Rxh6 e2 52. Rh4+ Kf3 53. Rh5 f4 54. Rh4 e1Q 55. Rxf4+ Kxf4 0-1

[Event "AUT-chT2O 9899"]
[Site "Austria"]
[Date "1998.11.15"]
[Round "4"]
[White "Ligezinski, Martin"]
[Black "Hardt, Christian"]
[Result "0-1"]
[WhiteElo "2165"]
[BlackElo "2165"]
[PlyCount "94"]
[EventDate "1998.10.??"]
[EventType "team"]
[EventRounds "11"]
[EventCountry "AUT"]
[SourceTitle "EXT 2000"]
[Source "ChessBase"]
[SourceDate "1999.11.16"]
[SourceVersion "1"]
[SourceVersionDate "1999.11.16"]
[SourceQuality "1"]

1. e4 c5 2. c4 g6 3. Nc3 Bg7 4. g3 d6 5. Bg2 Nc6 6. Nge2 e6 7. d3 Nge7 8. Be3 Nd4 9. 0-0 Nec6 10. f4 0-0 11. Rb1 a6 12. a3 Qa5 13. Bd2 Rb8 14. Kh1 Qc7 15. Nxd4 Nxd4 16. Ne2 b5 17. Nxd4 Bxd4 18. b3 Bd7 19. Qc2 f6 20. Bc3 Bxc3 21. Qxc3 e5 22. Qd2 a5 23. Rb2 Rb7 24. Rfb1 Rfb8 25. Bf3 Kg7 26. Bd1 Qc6 27. cxb5 Qxb5 28. Qc3 Be6 29. Kg1 Qa6 30. Bc2 Rb5 31. a4 Rb4 32. Kg2 R8b7 33. fxe5 fxe5 34. Rf1 Qb6 35. Rfb1 Qc7 36. Rf1 Qc8 37. Kg1 Qb8 38. Rfb1 Bh3 39. Re1 Rxa4 40. bxa4 Rxb2 41. Qd2 Qb4 42. Qxb4 cxb4 43. Rc1 b3 44. Bd1 Rg2+ 45. Kh1 b2 46. Rc7+ Kh6 47. Rb7 Rf2 0-1

[Event "AUT-ch"]
[Site "Werfen"]
[Date "1998.08.15"]
[Round "8"]
[White "Titz, Heimo"]
[Black "Hardt, Christian"]
[Result "1-0"]
[WhiteElo "2305"]
[BlackElo "2135"]
[PlyCount "75"]
[EventDate "1998.08.08"]
[EventType "swiss"]
[EventRounds "9"]
[EventCountry "AUT"]
[SourceTitle "EXT 2001"]
[Source "ChessBase"]
[SourceDate "2000.11.22"]
[SourceVersion "1"]
[SourceVersionDate "2000.11.22"]
[SourceQuality "1"]

1. c4 g6 2. e4 Bg7 3. d4 d6 4. Nc3 Nf6 5. Nf3 0-0 6. Be2 a5 7. 0-0 Na6 8. Bg5 h6 9. Be3 Ng4 10. Bc1 e5 11. dxe5 Nxe5 12. Be3 Be6 13. Nxe5 dxe5 14. Qb3 Qd6 15. a3 b6 16. Rfd1 Nc5 17. Qb5 Qe7 18. Nd5 Bxd5 19. cxd5 Nxe4 20. Rac1 Nd6 21. Qc6 Ra7 22. Rc2 Qe8 23. Bxb6 Qxc6 24. dxc6 cxb6 25. Rxd6 Rc8 26. Bg4 f5 27. Be2 Kh7 28. h4 Bf8 29. Rd5 e4 30. h5 Bc5 31. Bb5 Rf8 32. Rcd2 g5 33. Re5 Kg7 34. Rd7+ Rxd7 35. cxd7 Bd6 36. Rxf5 Bc7 37. Rd5 Bd8 38. Re5 1-0

[Event "AUT-ch"]
[Site "Werfen"]
[Date "1998.08.13"]
[Round "6"]
[White "Hardt, Christian"]
[Black "Moser, Guenter"]
[Result "1-0"]
[WhiteElo "2135"]
[BlackElo "2355"]
[PlyCount "85"]
[EventDate "1998.08.08"]
[EventType "swiss"]
[EventRounds "9"]
[EventCountry "AUT"]
[SourceTitle "EXT 2001"]
[Source "ChessBase"]
[SourceDate "2000.11.22"]
[SourceVersion "1"]
[SourceVersionDate "2000.11.22"]
[SourceQuality "1"]

1. c4 c5 2. Nf3 Nc6 3. Nc3 g6 4. g3 Bg7 5. Bg2 Nf6 6. 0-0 0-0 7. d3 d6 8. Rb1 e5 9. a3 a5 10. Bg5 h6 11. Bxf6 Bxf6 12. Nd5 Bg7 13. b4 cxb4 14. axb4 Be6 15. bxa5 Bxd5 16. cxd5 Nxa5 17. Nd2 f5 18. e4 Ra6 19. Qc2 h5 20. Rb5 Qd7 21. Qb2 Bh6 22. Rb1 Rf7 23. Bh3 h4 24. Qb4 Qd8 25. Nf3 hxg3 26. hxg3 fxe4 27. Qxe4 Kg7 28. Be6 Rc7 29. Kg2 b6 30. Nxe5 dxe5 31. Qxe5+ Kh7 32. Rh1 Rc1 33. Rh2 Qf8 34. g4 Rc2 35. Kg3 Nc4 36. Qc7+ Kh8 37. g5 Qd6+ 38. Qxd6 Nxd6 39. Rxh6+ Kg7 40. Rb4 Rc3 41. Rbh4 Rxd3+ 42. Kg2 Nf5 43. Rh7+ 1-0

[Event "AUT-ch"]
[Site "Werfen"]
[Date "1998.08.09"]
[Round "2"]
[White "Steinermayr, Thomas"]
[Black "Hardt, Christian"]
[Result "0-1"]
[WhiteElo "2220"]
[BlackElo "2135"]
[PlyCount "75"]
[EventDate "1998.08.08"]
[EventType "swiss"]
[EventRounds "9"]
[EventCountry "AUT"]
[SourceTitle "EXT 2001"]
[Source "ChessBase"]
[SourceDate "2000.11.22"]
[SourceVersion "1"]
[SourceVersionDate "2000.11.22"]
[SourceQuality "1"]

1. e4 d6 2. d4 Nf6 3. Nc3 e5 4. Nf3 Nbd7 5. Bg5 c6 6. Qd2 Be7 7. 0-0-0 b5 8. Qe1 b4 9. Nb1 Qa5 10. a3 c5 11. axb4 cxb4 12. Bc4 0-0 13. Bd2 Qc7 14. Qe2 Nb6 15. Bd3 a5 16. h3 Be6 17. g4 Rfc8 18. g5 Ne8 19. d5 Bd7 20. h4 Ba4 21. Be3 Nc4 22. Ne1 Bb3 23. Nd2 Nxe3 24. Qxe3 Ba2 25. Nb1 a4 26. Kd2 a3 27. bxa3 Bxb1 28. Rxb1 Qc3+ 29. Ke2 bxa3 30. Nf3 a2 31. Ra1 Bd8 32. Nd2 Ra3 33. Nb3 Rb8 34. Qd2 Qb2 35. Qc1 Raxb3 36. Bc4 Rc3 37. Bd3 Ba5 38. Qe3 0-1

[Event "AUT-ch"]
[Site "Werfen"]
[Date "1998.08.08"]
[Round "1"]
[White "Posch, Werner"]
[Black "Hardt, Christian"]
[Result "1-0"]
[WhiteElo "2295"]
[BlackElo "2135"]
[PlyCount "57"]
[EventDate "1998.08.08"]
[EventType "swiss"]
[EventRounds "9"]
[EventCountry "AUT"]
[SourceTitle "EXT 2001"]
[Source "ChessBase"]
[SourceDate "2000.11.22"]
[SourceVersion "1"]
[SourceVersionDate "2000.11.22"]
[SourceQuality "1"]

1. e4 e6 2. d3 d5 3. Nd2 Bd6 4. Ngf3 Nc6 5. g3 f5 6. Bg2 Nf6 7. 0-0 0-0 8. Qe2 Ng4 9. h3 Nh6 10. e5 Be7 11. Nb3 b6 12. Bxh6 gxh6 13. c4 Bb7 14. Nfd4 Nxd4 15. Nxd4 Qd7 16. Rad1 f4 17. Qg4+ Kh8 18. Qxe6 Qxe6 19. Nxe6 f3 20. Bh1 c5 21. Nxf8 Rxf8 22. d4 Ba6 23. cxd5 Be2 24. d6 Bd8 25. e6 Bf6 26. e7 Rg8 27. dxc5 bxc5 28. Rfe1 Kg7 29. Rd5 1-0

[Event "AUT-chT2O 9798"]
[Site "Austria"]
[Date "1998.??.??"]
[Round "9"]
[White "Hardt, Christian"]
[Black "Eibersberger, Manfred"]
[Result "1/2-1/2"]
[WhiteElo "2165"]
[BlackElo "2240"]
[PlyCount "51"]
[EventDate "1997.??.??"]
[EventType "team"]
[EventRounds "13"]
[EventCountry "AUT"]
[SourceTitle "EXT 1999"]
[Source "ChessBase"]
[SourceDate "1998.11.16"]
[SourceVersion "1"]
[SourceVersionDate "1998.11.16"]
[SourceQuality "1"]

1. d4 Nf6 2. c4 g6 3. Nc3 Bg7 4. e4 d6 5. Bf4 0-0 6. Nf3 c5 7. d5 b5 8. cxb5 a6 9. Qb3 axb5 10. Bxb5 Ba6 11. a4 Bxb5 12. Qxb5 Qa5 13. Qxa5 Rxa5 14. 0-0 Na6 15. Nd2 Nb4 16. Nc4 Ra6 17. Bd2 Rb8 18. Rab1 Nd7 19. b3 Nc2 20. Nb5 Nb6 21. Nc7 Ra7 22. Nb5 Nxc4 23. bxc4 Rxa4 24. Nc3 Rxb1 25. Nxa4 Rxf1+ 26. Kxf1 1/2-1/2

[Event "AUT-chT2O 9798"]
[Site "Austria"]
[Date "1998.??.??"]
[Round "13"]
[White "Hardt, Christian"]
[Black "Wegener, Dirk"]
[Result "0-1"]
[WhiteElo "2165"]
[BlackElo "2320"]
[PlyCount "78"]
[EventDate "1997.??.??"]
[EventType "team"]
[EventRounds "13"]
[EventCountry "AUT"]
[SourceTitle "EXT 1999"]
[Source "ChessBase"]
[SourceDate "1998.11.16"]
[SourceVersion "1"]
[SourceVersionDate "1998.11.16"]
[SourceQuality "1"]

1. d4 Nf6 2. Nc3 d5 3. Bg5 e6 4. e3 c5 5. f4 Bd7 6. Nf3 Qb6 7. Rb1 Nc6 8. Be2 cxd4 9. exd4 Ne4 10. 0-0 Nxg5 11. fxg5 Nxd4 12. Nxd4 Bc5 13. Kh1 Bxd4 14. Bg4 Bxc3 15. bxc3 Qc7 16. h4 0-0 17. Qf3 Bc6 18. Qe3 Rad8 19. Rbe1 Qb6 20. Qe5 d4 21. Rb1 Rd5 22. Qxe6 Qxb1 23. Rxb1 fxe6 24. Bxe6+ Kh8 25. Bxd5 Bxd5 26. cxd4 Rf4 27. c4 Be4 28. Rb5 Bc6 29. Ra5 Rxh4+ 30. Kg1 Rxd4 31. Rxa7 Kg8 32. g6 hxg6 33. g3 Rd3 34. Kh2 Kf7 35. Ra5 Kf6 36. Kh3 g5 37. Rc5 Bd7+ 38. Kg2 Rd2+ 39. Kf3 Rxa2 0-1